<?xml version="1.0" encoding="UTF-8"?>
<collection xmlns="http://www.loc.gov/MARC21/slim">
 <record>
  <leader>02285nam a2200301 a 4500</leader>
  <controlfield tag="001">1/47104</controlfield>
  <controlfield tag="008">170327s2016    xxu           00110 eng  </controlfield>
  <datafield tag="020" ind1=" " ind2=" ">
   <subfield code="a">9781119120841 (print)</subfield>
  </datafield>
  <datafield tag="020" ind1=" " ind2=" ">
   <subfield code="a">9781119126515 (electronic bk.)</subfield>
  </datafield>
  <datafield tag="035" ind1=" " ind2=" ">
   <subfield code="l">50083</subfield>
  </datafield>
  <datafield tag="040" ind1=" " ind2=" ">
   <subfield code="a">AU-PeEL</subfield>
   <subfield code="c">AU-PeEL</subfield>
   <subfield code="d">AU-PeEL</subfield>
   <subfield code="d">GR-PeUP</subfield>
  </datafield>
  <datafield tag="100" ind1="1" ind2=" ">
   <subfield code="a">Grant, Robert M.,</subfield>
   <subfield code="d">1948-</subfield>
  </datafield>
  <datafield tag="245" ind1="1" ind2="0">
   <subfield code="a">Contemporary strategy analysis :</subfield>
   <subfield code="b">text and cases edition.</subfield>
   <subfield code="h">[electronic resource].</subfield>
  </datafield>
  <datafield tag="250" ind1=" " ind2=" ">
   <subfield code="a">9th ed.</subfield>
  </datafield>
  <datafield tag="260" ind1="0" ind2=" ">
   <subfield code="a">Hoboken :</subfield>
   <subfield code="b">John Wiley Inc,</subfield>
   <subfield code="c">2016.</subfield>
  </datafield>
  <datafield tag="300" ind1=" " ind2=" ">
   <subfield code="a">776 p.</subfield>
  </datafield>
  <datafield tag="505" ind1="0" ind2=" ">
   <subfield code="a">Cover; Title Page; Copyright Page; Dedication; Brief Contents; Contents; Preface to Ninth Edition; PART I INTRODUCTION; 1 The Concept of Strategy; Introduction and Objectives; The Role of Strategy in Success; The Basic Framework for Strategy Analysis; A Brief History of Business Strategy; Strategy Today; How Is Strategy Made? The Strategy Process; Strategic Management of Not-For-Profit Organizations; Summary; Self-Study Questions; Notes; PART II THE TOOLS OF STRATEGY ANALYSIS; 2 Goals, Values, and Performance; Introduction and Objectives; Strategy as a Quest for Value</subfield>
  </datafield>
  <datafield tag="505" ind1="8" ind2=" ">
   <subfield code="a">Putting Performance Analysis into PracticeBeyond Profit: Values and Corporate Social Responsibility; Beyond Profit: Strategy and Real Options; Summary; Self-Study Questions; Notes; 3 Industry Analysis: The Fundamentals; Introduction and Objectives; From Environmental Analysis to Industry Analysis; Analyzing Industry Attractiveness; Applying Industry Analysis</subfield>
  </datafield>
  <datafield tag="520" ind1="0" ind2=" ">
   <subfield code="a">Brings together the text with an updated collection of 20+ case studies Introduces students to the core concepts and principles of strategy Combines a rigorous approach to business strategy analysis with highly relevant examples of current practice Includes access to high quality case and author video clips</subfield>
  </datafield>
  <datafield tag="533" ind1=" " ind2=" ">
   <subfield code="a">Electronic reproduction.</subfield>
   <subfield code="n">Available via World Wide Web.</subfield>
  </datafield>
  <datafield tag="650" ind1=" " ind2="4">
   <subfield code="a">Business planning.</subfield>
  </datafield>
  <datafield tag="650" ind1=" " ind2="4">
   <subfield code="a">Leadership.</subfield>
  </datafield>
  <datafield tag="650" ind1=" " ind2="4">
   <subfield code="a">Strategic planning.</subfield>
  </datafield>
  <datafield tag="655" ind1=" " ind2="4">
   <subfield code="a">Electronic books.</subfield>
  </datafield>
  <datafield tag="852" ind1=" " ind2=" ">
   <subfield code="a">INST</subfield>
   <subfield code="b">UNIPILB</subfield>
   <subfield code="c">EBOOKS</subfield>
   <subfield code="e">20170327</subfield>
   <subfield code="p">00b50083</subfield>
   <subfield code="q">00b50083</subfield>
   <subfield code="t">ONLINE</subfield>
   <subfield code="y">0</subfield>
  </datafield>
  <datafield tag="856" ind1="4" ind2="0">
   <subfield code="u">http://patron.eb20.com/AccessTitle/ISBN/9781119126515</subfield>
  </datafield>
  <datafield tag="856" ind1="4" ind2=" ">
   <subfield code="d">/webopac/covers/03/50083_9781119120841.jpg</subfield>
   <subfield code="z">(print)</subfield>
  </datafield>
  <datafield tag="856" ind1="4" ind2=" ">
   <subfield code="d">/webopac/covers/03/50083_9781119126515.jpg</subfield>
   <subfield code="z">(electronic bk.)</subfield>
  </datafield>
 </record>
</collection>
